000 00839nam a2200253Ia 4500
003 OSt
005 20220927110350.0
006 a|||||r|||| 00| 0
007 ta
008 220926b |||||||| |||| 00| 0 eng d
024 _a60970
037 _cReports
040 _aRTL
_cRTL
_beng
041 _2eng
_aeng
082 _a"X621:1.2.N61t, K2"
110 _aReserve Bank of India. Appraisal of Applications for term loan (Working group on-)
_9376723
245 0 _a"Report, appraisal of term loans,1961"
260 _aBombay
_bReserve Bank of India India
_c1962
300 _a100p.
_ccm.
650 _aCentral Bank
_9376724
700 _aReserve Bank of India. Appraisal of Applications for term loan (Working group on-)
_9376725
942 _h"X621:1.2.N61t, K2"
_cCC
999 _c695837
_d695837